[Event "Titled Tuesday intern op 07th Nov Late"]
[Site "Chess.com INT"]
[Date "2023.11.07"]
[Round "2"]
[White "Broca Jimenez, Fernando"]
[Black "Mago Perez, Victor Manuel"]
[Result "0-1"]
[WhiteElo "2075"]
[BlackElo "2148"]
[PlyCount "84"]
[EventDate "2023.11.07"]
[EventType "swiss (blitz)"]
[EventRounds "11"]
[EventCountry "USA"]
[SourceTitle "EXT 2025"]
[Source "ChessBase"]
[SourceDate "2024.10.14"]
[SourceVersion "1"]
[SourceVersionDate "2024.10.14"]
[SourceQuality "1"]

1. e4 c5 2. c3 d5 3. exd5 Qxd5 4. d4 g6 5. Nf3 Bg7 6. Be2 cxd4 7. Nxd4 Nf6 8. 0-0 0-0 9. Bf3 Qa5 10. Nd2 a6 11. Nc4 Qc7 12. Qe2 e6 13. Bg5 Nbd7 14. Rad1 e5 15. Nb3 h6 16. Bh4 Re8 17. Nd6 Re6 18. Ne4 Nxe4 19. Bxe4 Nf6 20. Bxf6 Rxf6 21. Rd2 Rb6 22. Rfd1 Be6 23. Bd5 Rf8 24. Bxe6 Rxe6 25. Rd7 Qb6 26. Qe4 Rc6 27. h3 Rc7 28. Qd5 Rxd7 29. Qxd7 e4 30. Rd6 Qa7 31. Qe7 Qb8 32. Rd7 Qc8 33. Rxb7 Qf5 34. Rb4 Qh5 35. Rxe4 Qd1+ 36. Re1 Qc2 37. Qe2 Qf5 38. Nd4 Qa5 39. Nf3 Qxa2 40. Rd1 a5 41. Rd7 a4 42. Ne5 a3 0-1

[Event "Titled Tuesday intern op 07th Nov Late"]
[Site "Chess.com INT"]
[Date "2023.11.07"]
[Round "3"]
[White "Chor, Kevin"]
[Black "Mago Perez, Victor Manuel"]
[Result "1-0"]
[WhiteElo "1944"]
[BlackElo "2148"]
[PlyCount "115"]
[EventDate "2023.11.07"]
[EventType "swiss (blitz)"]
[EventRounds "11"]
[EventCountry "USA"]
[SourceTitle "EXT 2025"]
[Source "ChessBase"]
[SourceDate "2024.10.14"]
[SourceVersion "1"]
[SourceVersionDate "2024.10.14"]
[SourceQuality "1"]

1. e4 c5 2. Nf3 d6 3. d4 cxd4 4. Nxd4 Nf6 5. Nc3 a6 6. Be2 e5 7. Nb3 Be7 8. Be3 Be6 9. Nd5 Bxd5 10. exd5 0-0 11. Qd2 Nbd7 12. Na5 Qc7 13. c4 Ne4 14. Qb4 Rfb8 15. 0-0 Bf8 16. Rac1 Ndc5 17. f3 Nf6 18. Qa3 Ncd7 19. b4 Rc8 20. Rfd1 b6 21. Nc6 Nb8 22. b5 a5 23. Bd3 Nbd7 24. Bf5 Re8 25. Re1 g6 26. Bh3 Nc5 27. Bg5 Bg7 28. Qe3 h6 29. Bxh6 Bxh6 30. Qxh6 Nd3 31. Rcd1 Nxe1 32. Rxe1 a4 33. a3 e4 34. Qh4 Kg7 35. fxe4 Rh8 36. Qf4 Rae8 37. Rf1 Nxe4 38. Bg4 f5 39. Bf3 Nc5 40. Qd4+ Kh7 41. Qf6 Rhf8 42. Qh4+ Kg7 43. Nd4 Re5 44. Nc6 Ree8 45. Qg5 Qf7 46. Qf4 Qf6 47. h4 Ne4 48. Re1 Nc5 49. Rd1 Rf7 50. Nd4 Rh8 51. g3 Re7 52. Nc6 Ree8 53. Kg2 Qb2+ 54. Rd2 Qf6 55. Nd4 Ne4 56. Rd3 Nc5 57. Rd1 Re7 58. h5 1-0

[Event "Titled Tuesday intern op 31st Oct Late"]
[Site "Chess.com INT"]
[Date "2023.10.31"]
[Round "3"]
[White "Mago Perez, Victor Manuel"]
[Black "Lock, Gavin R"]
[Result "1-0"]
[WhiteElo "2148"]
[BlackElo "2058"]
[PlyCount "81"]
[EventDate "2023.10.31"]
[EventType "swiss (blitz)"]
[EventRounds "11"]
[EventCountry "USA"]
[SourceTitle "EXT 2025"]
[Source "ChessBase"]
[SourceDate "2024.10.14"]
[SourceVersion "1"]
[SourceVersionDate "2024.10.14"]
[SourceQuality "1"]

1. d4 d5 2. c4 e6 3. Nc3 Nf6 4. cxd5 exd5 5. Bg5 c6 6. Qc2 h6 7. Bh4 Be7 8. e3 0-0 9. Bd3 Re8 10. Nf3 Ne4 11. Bxe7 Qxe7 12. 0-0 Bf5 13. Rab1 Nd7 14. b4 Nxc3 15. Qxc3 Bxd3 16. Qxd3 a6 17. a4 Nb6 18. Qb3 Nc4 19. Rfc1 b5 20. Rc2 Qe6 21. Ra1 g6 22. Ne1 h5 23. Nd3 Kg7 24. Rca2 Rab8 25. axb5 axb5 26. Nc5 Qf5 27. Qc2 Qxc2 28. Rxc2 Ra8 29. Rca2 Rxa2 30. Rxa2 h4 31. Ra7 Kf6 32. h3 Rc8 33. Kf1 Nd6 34. Nd7+ Kg7 35. Ne5 Nc4 36. Rxf7+ Kg8 37. Rf6 Nxe5 38. dxe5 c5 39. bxc5 Rxc5 40. Rxg6+ Kf7 41. Rb6 1-0

[Event "Titled Tuesday intern op 24th Oct Late"]
[Site "Chess.com INT"]
[Date "2023.10.24"]
[Round "3"]
[White "Mago Perez, Victor Manuel"]
[Black "Centron Antuna, Daniel"]
[Result "1-0"]
[WhiteElo "2148"]
[BlackElo "2277"]
[PlyCount "93"]
[EventDate "2023.10.24"]
[EventType "swiss (blitz)"]
[EventRounds "11"]
[EventCountry "USA"]
[SourceTitle "CBM 216 Extra"]
[Source "ChessBase"]
[SourceDate "2023.11.30"]
[SourceVersion "1"]
[SourceVersionDate "2023.11.30"]
[SourceQuality "1"]

1. d4 Nf6 2. c4 c5 3. d5 g6 4. Nc3 d6 5. e4 Bg7 6. h3 0-0 7. Nf3 e6 8. Bg5 exd5 9. cxd5 h6 10. Be3 Re8 11. Bd3 c4 12. Bc2 Na6 13. 0-0 Bd7 14. a4 Rc8 15. Re1 Nc5 16. Bd4 Qa5 17. e5 dxe5 18. Nxe5 Qc7 19. Qf3 Re7 20. Nxc4 Rxe1+ 21. Rxe1 Re8 22. Rxe8+ Nxe8 23. Bxg7 Nxg7 24. d6 Qc8 25. Nd5 Qe8 26. Nf6+ Kf8 27. Nxe8 Nxe8 28. b4 Ne6 29. Qxb7 Nf6 30. Qxa7 Kg7 31. b5 Nf4 32. b6 Bc6 33. f3 Ne2+ 34. Kh2 Nd4 35. Bd1 Bd7 36. b7 Nc6 37. b8Q Nxb8 38. Qxb8 h5 39. a5 h4 40. a6 Nh5 41. a7 Ng3 42. a8Q Be6 43. Ne3 Kf6 44. Qb2+ Kg5 45. Qd8+ Kf4 46. Qd4+ Ne4 47. Qxe4# 1-0

[Event "Titled Tuesday intern op 24th Oct Late"]
[Site "Chess.com INT"]
[Date "2023.10.24"]
[Round "10"]
[White "Mago Perez, Victor Manuel"]
[Black "Harriott, Tyrell"]
[Result "1-0"]
[WhiteElo "2148"]
[BlackElo "1778"]
[PlyCount "85"]
[EventDate "2023.10.24"]
[EventType "swiss (blitz)"]
[EventRounds "11"]
[EventCountry "USA"]
[SourceTitle "CBM 216 Extra"]
[Source "ChessBase"]
[SourceDate "2023.11.30"]
[SourceVersion "1"]
[SourceVersionDate "2023.11.30"]
[SourceQuality "1"]

1. d4 e6 2. c4 d5 3. Nc3 f5 4. Nf3 c6 5. Bg5 Be7 6. Bxe7 Nxe7 7. e3 Ng6 8. Bd3 0-0 9. Qc2 Na6 10. a3 Nc7 11. 0-0 Nh4 12. Nxh4 Qxh4 13. f4 g5 14. g3 Qh6 15. fxg5 Qxg5 16. Rf4 Ne8 17. Raf1 Ng7 18. Qf2 Bd7 19. Ne2 Be8 20. Rh4 h5 21. Nf4 Bf7 22. Be2 Rfd8 23. Nd3 b6 24. Ne5 Rac8 25. c5 Be8 26. b4 Rb8 27. Rc1 b5 28. Qf4 Qf6 29. Rf1 Ra8 30. Rh3 a5 31. g4 hxg4 32. Bxg4 Ra7 33. Rh6 Qe7 34. Bd1 axb4 35. axb4 Ra2 36. Kh1 Ra1 37. Rg1 Rda8 38. Rh3 R8a7 39. Qh6 Bh5 40. Qxh5 Qh4 41. Qxh4 Kf8 42. Qh8+ Ke7 43. Qxg7+ 1-0

[Event "Titled Tuesday intern op 24th Oct Late"]
[Site "Chess.com INT"]
[Date "2023.10.24"]
[Round "2"]
[White "Mago Perez, Victor Manuel"]
[Black "Mirza, Diana"]
[Result "1-0"]
[WhiteElo "2148"]
[BlackElo "1913"]
[PlyCount "95"]
[EventDate "2023.10.24"]
[EventType "swiss (blitz)"]
[EventRounds "11"]
[EventCountry "USA"]
[SourceTitle "CBM 216 Extra"]
[Source "ChessBase"]
[SourceDate "2023.11.30"]
[SourceVersion "1"]
[SourceVersionDate "2023.11.30"]
[SourceQuality "1"]

1. d4 Nf6 2. c4 g6 3. Nc3 Bg7 4. e4 d6 5. Be2 0-0 6. Bg5 e5 7. d5 h6 8. Be3 Kh7 9. f3 Na6 10. g4 Nc5 11. b4 Na6 12. a3 Ng8 13. h4 f5 14. h5 f4 15. hxg6+ Kxg6 16. Bf2 Nf6 17. Qb3 Rh8 18. 0-0-0 Nb8 19. Bd3 a5 20. Nge2 axb4 21. axb4 Bd7 22. Kb2 c6 23. Ra1 Na6 24. dxc6 bxc6 25. c5 Nxb4 26. Qxb4 Rb8 27. Bb5 cxb5 28. cxd6 Be6 29. Ra7 Bc4 30. Rha1 Ne8 31. Bc5 h5 32. d7 Nf6 33. gxh5+ Rxh5 34. Rg1+ Kf7 35. Rg2 Nxd7 36. Bd6 Ra8 37. Rxa8 Qxa8 38. Bc7 Bf8 39. Bd6 Rh8 40. Bxf8 Rxf8 41. Qd6 Bxe2 42. Qxd7+ Kf6 43. Rxe2 Rf7 44. Nd5+ Kg7 45. Rg2+ Kf8 46. Qd6+ Ke8 47. Rg8+ Rf8 48. Rxf8# 1-0

[Event "Titled Tuesday intern op 17th Oct Early"]
[Site "Chess.com INT"]
[Date "2023.10.17"]
[Round "6"]
[White "Mago Perez, Victor Manuel"]
[Black "Clawitter, Craig"]
[Result "1-0"]
[WhiteElo "2148"]
[BlackElo "2050"]
[PlyCount "59"]
[EventDate "2023.10.17"]
[EventType "swiss (blitz)"]
[EventRounds "11"]
[EventCountry "USA"]
[SourceTitle "EXT 2025"]
[Source "ChessBase"]
[SourceDate "2024.10.14"]
[SourceVersion "1"]
[SourceVersionDate "2024.10.14"]
[SourceQuality "1"]

1. d4 e6 2. c4 Nf6 3. Nc3 d5 4. cxd5 exd5 5. Bg5 c6 6. Qc2 Be7 7. e3 0-0 8. Bd3 Nbd7 9. Nf3 Re8 10. 0-0 Nf8 11. Rab1 a5 12. a3 Ng6 13. b4 Bd6 14. h3 h6 15. Bxf6 Qxf6 16. Qd1 axb4 17. axb4 Ra3 18. Qc1 Rxc3 19. Qxc3 Bxh3 20. b5 Bg4 21. Nh2 Bh5 22. bxc6 bxc6 23. g3 Qg5 24. Qxc6 Re6 25. Qc8+ Kh7 26. Kh1 Qf6 27. Qd7 Bf3+ 28. Kg1 Kg8 29. Rb7 Nf8 30. Qb5 1-0

[Event "Titled Tuesday intern op 17th Oct Early"]
[Site "Chess.com INT"]
[Date "2023.10.17"]
[Round "9"]
[White "Mago Perez, Victor Manuel"]
[Black "Fernandez, Gerardo"]
[Result "0-1"]
[WhiteElo "2148"]
[BlackElo "2181"]
[PlyCount "118"]
[EventDate "2023.10.17"]
[EventType "swiss (blitz)"]
[EventRounds "11"]
[EventCountry "USA"]
[SourceTitle "EXT 2025"]
[Source "ChessBase"]
[SourceDate "2024.10.14"]
[SourceVersion "1"]
[SourceVersionDate "2024.10.14"]
[SourceQuality "1"]

1. d4 Nf6 2. c4 c5 3. d5 b5 4. cxb5 a6 5. bxa6 g6 6. Nc3 Bg7 7. Nf3 0-0 8. g3 Nxa6 9. Bg2 d6 10. e4 Bg4 11. h3 Bxf3 12. Bxf3 Qb6 13. 0-0 Rfb8 14. Rb1 Nd7 15. Bd2 Ne5 16. Be2 Nb4 17. a3 Nbd3 18. Qc2 c4 19. Be3 Qb3 20. Qxb3 Rxb3 21. f4 Nd7 22. Bxd3 cxd3 23. Rfd1 Bxc3 24. bxc3 Raxa3 25. Rxb3 Rxb3 26. Rxd3 Nf6 27. e5 Ne4 28. Kg2 Rxc3 29. Rxc3 Nxc3 30. exd6 exd6 31. Ba7 Nxd5 32. Bb8 Ne3+ 33. Kf3 Nc4 34. Ke4 Kf8 35. Kd4 Nb6 36. Bxd6+ Ke8 37. Be5 Kd7 38. Ke4 Ke6 39. Bd4 Nd5 40. Bc5 f5+ 41. Kf3 Nf6 42. Bd4 Ne4 43. g4 Kd5 44. Be5 Kc4 45. Ke3 Kd5 46. Bb2 Nd6 47. Be5 Nc4+ 48. Kf3 Nxe5+ 49. fxe5 Kxe5 50. h4 fxg4+ 51. Kxg4 h6 52. Kf3 Kf5 53. Kg3 Ke4 54. Kg4 Ke5 55. Kg3 Kf5 56. Kf3 h5 57. Kg3 Ke4 58. Kg2 Kf4 59. Kh3 Kf3 0-1

[Event "Titled Tuesday intern op 17th Oct Late"]
[Site "Chess.com INT"]
[Date "2023.10.17"]
[Round "4"]
[White "Mago Perez, Victor Manuel"]
[Black "Goncalves, Nata"]
[Result "1-0"]
[WhiteElo "2148"]
[BlackElo "1998"]
[PlyCount "107"]
[EventDate "2023.10.17"]
[EventType "swiss (blitz)"]
[EventRounds "11"]
[EventCountry "USA"]
[SourceTitle "EXT 2025"]
[Source "ChessBase"]
[SourceDate "2024.10.14"]
[SourceVersion "1"]
[SourceVersionDate "2024.10.14"]
[SourceQuality "1"]

1. d4 Nf6 2. c4 g6 3. Nc3 d5 4. cxd5 Nxd5 5. e4 Nxc3 6. bxc3 Bg7 7. Nf3 c5 8. Be3 Qa5 9. Qd2 0-0 10. Rb1 Rd8 11. Rb5 Qa3 12. Rxc5 Na6 13. Rd5 Bg4 14. Rxd8+ Rxd8 15. Be2 Rc8 16. c4 Bxf3 17. gxf3 Nb4 18. 0-0 Rd8 19. d5 Bc3 20. Qd1 Qxa2 21. f4 a5 22. Bc5 Re8 23. e5 a4 24. Qc1 Bd2 25. Qb1 Qxb1 26. Rxb1 Na6 27. Be3 Bxe3 28. fxe3 Nc5 29. Bd1 a3 30. Ra1 Ra8 31. Kf2 f6 32. exf6 exf6 33. Bc2 f5 34. Ke2 Kf7 35. Kd2 Ke7 36. Kc3 Kd6 37. Kb4 a2 38. h4 Re8 39. Rxa2 Na6+ 40. Kb5 Rxe3 41. h5 Rc3 42. hxg6 hxg6 43. Bd1 Rd3 44. Ba4 Rf3 45. Rg2 Rxf4 46. Rxg6+ Kc7 47. Rg7+ Kb8 48. d6 Rd4 49. c5 Nxc5 50. Kxc5 Rxa4 51. Rg8+ Ka7 52. d7 Ra5+ 53. Kb4 Rd5 54. d8Q 1-0

[Event "Titled Tuesday intern op 17th Oct Late"]
[Site "Chess.com INT"]
[Date "2023.10.17"]
[Round "9"]
[White "Mago Perez, Victor Manuel"]
[Black "Haitin, Ilja"]
[Result "1/2-1/2"]
[WhiteElo "2148"]
[BlackElo "2284"]
[PlyCount "137"]
[EventDate "2023.10.17"]
[EventType "swiss (blitz)"]
[EventRounds "11"]
[EventCountry "USA"]
[SourceTitle "EXT 2025"]
[Source "ChessBase"]
[SourceDate "2024.10.14"]
[SourceVersion "1"]
[SourceVersionDate "2024.10.14"]
[SourceQuality "1"]

1. d4 e6 2. c4 Bb4+ 3. Nd2 c5 4. dxc5 Nf6 5. a3 Bxc5 6. Ngf3 0-0 7. e3 d5 8. b4 Be7 9. Bb2 Nc6 10. Be2 dxc4 11. Bxc4 a6 12. 0-0 b5 13. Be2 Bb7 14. Qb3 Qb6 15. Nd4 Nxd4 16. Bxd4 Qd6 17. Rfd1 Qd5 18. Qxd5 Bxd5 19. Nf3 Rac8 20. Rdc1 Bb3 21. Ne5 Ne4 22. f3 Nd2 23. Nc6 Bd6 24. Rc3 Bc4 25. Bxc4 Nxc4 26. Na7 Rc7 27. f4 Ra8 28. Rd1 Bf8 29. Kf2 Rcxa7 30. Bxa7 Rxa7 31. Rd8 g6 32. a4 Kg7 33. axb5 axb5 34. Rb8 Bxb4 35. Rb3 Ra2+ 36. Kg3 Be1+ 37. Kh3 Re2 38. R8xb5 Rxe3+ 39. Rxe3 Nxe3 40. g3 Nf5 41. Kg2 h5 42. Rb7 Bc3 43. Rc7 Bf6 44. Kf3 g5 45. fxg5 Bxg5 46. h3 Kg6 47. Rc8 Nd4+ 48. Kg2 Nb5 49. Rg8+ Kf6 50. Rh8 Kg6 51. Rg8+ Kf6 52. Rh8 h4 53. gxh4 Bc1 54. h5 Kg7 55. Rb8 Nd6 56. h4 Nf5 57. Kh3 Bf4 58. Rb1 e5 59. Rg1+ Kh6 60. Kg4 Ne3+ 61. Kf3 Kxh5 62. Rg7 Nf5 63. Rxf7 Nxh4+ 64. Ke4 Ng6 65. Rf5+ Kg4 66. Rf6 Nh4 67. Re6 Kg5 68. Rxe5+ Bxe5 69. Kxe5 1/2-1/2

[Event "Titled Tuesday intern op 17th Oct Early"]
[Site "Chess.com INT"]
[Date "2023.10.17"]
[Round "10"]
[White "Mago Perez, Victor Manuel"]
[Black "Zakoscielna, Kinga"]
[Result "1-0"]
[WhiteElo "2148"]
[BlackElo "2111"]
[PlyCount "87"]
[EventDate "2023.10.17"]
[EventType "swiss (blitz)"]
[EventRounds "11"]
[EventCountry "USA"]
[SourceTitle "EXT 2025"]
[Source "ChessBase"]
[SourceDate "2024.10.14"]
[SourceVersion "1"]
[SourceVersionDate "2024.10.14"]
[SourceQuality "1"]

1. d4 Nf6 2. c4 g6 3. Nc3 Bg7 4. e4 d6 5. Be2 0-0 6. Bg5 c5 7. d5 h6 8. Be3 a6 9. Qd2 Bd7 10. Bxh6 b5 11. Bxg7 Kxg7 12. f3 b4 13. Nd1 Rh8 14. Nf2 e5 15. dxe6 Bxe6 16. Ngh3 Nc6 17. Nf4 Nd4 18. 0-0 Qd7 19. Rae1 Rh7 20. b3 Rah8 21. h3 Nh5 22. Nxh5+ Rxh5 23. Bd1 Bxh3 24. Nxh3 Rxh3 25. gxh3 Qxh3 26. Qg2 Qh4 27. e5 Rh5 28. Re4 Qe7 29. exd6 Qxd6 30. f4 Rh4 31. f5 Rh6 32. fxg6 Rxg6 33. Rg4 Ne6 34. Rxg6+ fxg6 35. Bc2 Qd4+ 36. Rf2 g5 37. Qe4 Qa1+ 38. Kg2 Nf4+ 39. Rxf4 gxf4 40. Qxf4 Qxa2 41. Qg5+ Kf7 42. Qf5+ Ke7 43. Kf3 Qb2 44. Qxc5+ 1-0

[Event "Titled Tuesday intern op 10th Oct Late"]
[Site "Chess.com INT"]
[Date "2023.10.10"]
[Round "11"]
[White "Ferrufino, Boris"]
[Black "Mago Perez, Victor Manuel"]
[Result "0-1"]
[WhiteElo "1878"]
[BlackElo "2148"]
[PlyCount "68"]
[EventDate "2023.10.10"]
[EventType "swiss (blitz)"]
[EventRounds "11"]
[EventCountry "USA"]
[SourceTitle "EXT 2025"]
[Source "ChessBase"]
[SourceDate "2024.10.14"]
[SourceVersion "1"]
[SourceVersionDate "2024.10.14"]
[SourceQuality "1"]

1. e4 c5 2. Nf3 d6 3. d4 cxd4 4. Nxd4 Nf6 5. Nc3 a6 6. Be3 e5 7. Nb3 Be6 8. f3 Be7 9. Qd2 0-0 10. 0-0-0 a5 11. Bb5 Na6 12. Kb1 Nc7 13. a4 Qb8 14. g4 d5 15. exd5 Nfxd5 16. Nxd5 Nxd5 17. Nc5 Bxc5 18. Bxc5 Rc8 19. Ba3 Qc7 20. Rhe1 f6 21. g5 fxg5 22. c4 Nf4 23. Bd6 Qf7 24. c5 Bb3 25. Rc1 Qf5+ 26. Ka1 Re8 27. Bxe8 Rxe8 28. Qxa5 Nd3 29. Qb5 Bf7 30. Qxb7 Nxe1 31. Rxe1 Qc2 32. Qb4 Ra8 33. a5 Qd3 34. Rxe5 Qd1# 0-1

[Event "Titled Tuesday intern op 10th Oct Late"]
[Site "Chess.com INT"]
[Date "2023.10.10"]
[Round "5"]
[White "Juergens, Vera"]
[Black "Mago Perez, Victor Manuel"]
[Result "0-1"]
[WhiteElo "2270"]
[BlackElo "2148"]
[PlyCount "146"]
[EventDate "2023.10.10"]
[EventType "swiss (blitz)"]
[EventRounds "11"]
[EventCountry "USA"]
[SourceTitle "EXT 2025"]
[Source "ChessBase"]
[SourceDate "2024.10.14"]
[SourceVersion "1"]
[SourceVersionDate "2024.10.14"]
[SourceQuality "1"]

1. e4 c5 2. Nc3 d6 3. d3 g6 4. g3 Bg7 5. Bg2 Nc6 6. f4 e6 7. Nf3 Nge7 8. 0-0 0-0 9. Be3 Nd4 10. Qd2 Rb8 11. Rae1 b5 12. Nd1 b4 13. c3 Nxf3+ 14. Bxf3 bxc3 15. bxc3 Qa5 16. d4 Ba6 17. Rf2 cxd4 18. Bxd4 Bxd4 19. Qxd4 Qb6 20. Qf6 Nc6 21. Ne3 Qd8 22. Ng4 h5 23. Qxd8 Rfxd8 24. Ne3 Na5 25. Rd2 Kf8 26. Red1 Ke7 27. Be2 Bxe2 28. Rxe2 Rdc8 29. Rd3 Nc4 30. Kf2 Rb6 31. Nxc4 Rxc4 32. Ke3 Ra6 33. Red2 Rca4 34. h4 Ra3 35. c4 R3a5 36. Rd4 Rxa2 37. Rxd6 R2a3+ 38. R6d3 Rxd3+ 39. Rxd3 Ra4 40. Rc3 Kd6 41. Kd3 Kc5 42. e5 a5 43. Rb3 Rb4 44. Ra3 a4 45. Ra2 Rb3+ 46. Kc2 Kb4 47. c5 Rc3+ 48. Kd2 Rxc5 49. Rb2+ Ka5 50. Rb7 a3 51. Rxf7 Kb4 52. Ra7 Ra5 53. Rb7+ Kc4 54. Rc7+ Kd4 55. Rc1 a2 56. Ra1 Ke4 57. Kc3 Kf3 58. Kb4 Ra8 59. Kc5 Kxg3 60. Kd6 Ra6+ 61. Ke7 Kxh4 62. Kf6 Kg4 63. Kxg6 Kxf4 64. Kf6 h4 65. Rf1+ Kg3 66. Rg1+ Kf2 67. Ra1 h3 68. Rh1 Kg2 69. Ra1 h2 70. Rxa2+ Rxa2 71. Kxe6 Re2 72. Kd6 h1Q 73. e6 Qh6 0-1

[Event "Titled Tuesday intern op 10th Oct Late"]
[Site "Chess.com INT"]
[Date "2023.10.10"]
[Round "9"]
[White "Mago Perez, Victor Manuel"]
[Black "Curtis, John"]
[Result "0-1"]
[WhiteElo "2148"]
[BlackElo "2292"]
[PlyCount "130"]
[EventDate "2023.10.10"]
[EventType "swiss (blitz)"]
[EventRounds "11"]
[EventCountry "USA"]
[SourceTitle "EXT 2025"]
[Source "ChessBase"]
[SourceDate "2024.10.14"]
[SourceVersion "1"]
[SourceVersionDate "2024.10.14"]
[SourceQuality "1"]

1. d4 d5 2. c4 c6 3. Nc3 Nf6 4. cxd5 cxd5 5. Bf4 Nc6 6. e3 a6 7. Bd3 e6 8. Rc1 Bd6 9. Bxd6 Qxd6 10. f4 Bd7 11. Nf3 Nb4 12. Bb1 0-0-0 13. Ne5 Qf8 14. Nxd5+ Kb8 15. Nxb4 Qxb4+ 16. Qd2 Qxd2+ 17. Kxd2 Be8 18. g4 Nd5 19. Be4 f6 20. Nd3 h5 21. h3 Bc6 22. Nc5 hxg4 23. hxg4 Rxh1 24. Rxh1 Nc7 25. Bxc6 bxc6 26. Rh7 Rg8 27. e4 Ka7 28. Ke3 Kb6 29. Rh1 a5 30. b3 Kb5 31. a3 Rd8 32. Rh7 Rg8 33. Kd3 Kb6 34. Kc4 Ka7 35. b4 axb4 36. axb4 Kb6 37. f5 exf5 38. gxf5 Na6 39. Ne6 g6 40. fxg6 Rxg6 41. Nc5 Nxc5 42. bxc5+ Ka6 43. Rc7 f5 44. e5 f4 45. Rf7 Rg4 46. e6 Rg6 47. e7 Re6 48. Rxf4 Rxe7 49. Rf8 Kb7 50. Rf1 Rh7 51. Rb1+ Kc7 52. Rb6 Rh1 53. Rb3 Rc1+ 54. Kd3 Rd1+ 55. Ke3 Re1+ 56. Kf4 Re7 57. Re3 Rd7 58. Re4 Rh7 59. Kf5 Kb7 60. Kf6 Ka6 61. Re7 Rh4 62. Ke5 Kb5 63. Rd7 Rh1 64. Rb7+ Kc4 65. Rb6 Rh6 0-1

[Event "Titled Tuesday intern op 03rd Oct Late"]
[Site "Chess.com INT"]
[Date "2023.10.03"]
[Round "7"]
[White "Korchmar, Vasiliy"]
[Black "Mago Perez, Victor Manuel"]
[Result "1-0"]
[WhiteElo "2438"]
[BlackElo "2148"]
[PlyCount "43"]
[EventDate "2023.10.03"]
[EventType "swiss (blitz)"]
[EventRounds "11"]
[EventCountry "USA"]
[SourceTitle "EXT 2025"]
[Source "ChessBase"]
[SourceDate "2024.10.14"]
[SourceVersion "1"]
[SourceVersionDate "2024.10.14"]
[SourceQuality "1"]

1. e4 c5 2. d4 cxd4 3. Qxd4 Nc6 4. Qd3 Nf6 5. Nc3 d6 6. Nf3 g6 7. Be2 Bg7 8. 0-0 0-0 9. Nd5 Be6 10. c3 Bg4 11. Bg5 Bxf3 12. Qxf3 Ne5 13. Qe3 Nxd5 14. exd5 Re8 15. f4 Nd7 16. Rae1 Nf6 17. Bb5 Ng4 18. Qe2 Qb6+ 19. Kh1 Ne3 20. Bxe8 Nxf1 21. Bxf7+ Kxf7 22. Qe6+ 1-0

[Event "Titled Tuesday intern op 03rd Oct Late"]
[Site "Chess.com INT"]
[Date "2023.10.03"]
[Round "8"]
[White "Wafa, Hamed"]
[Black "Mago Perez, Victor Manuel"]
[Result "0-1"]
[WhiteElo "2213"]
[BlackElo "2148"]
[PlyCount "82"]
[EventDate "2023.10.03"]
[EventType "swiss (blitz)"]
[EventRounds "11"]
[EventCountry "USA"]
[SourceTitle "EXT 2025"]
[Source "ChessBase"]
[SourceDate "2024.10.14"]
[SourceVersion "1"]
[SourceVersionDate "2024.10.14"]
[SourceQuality "1"]

1. Nf3 Nf6 2. c4 g6 3. b3 Bg7 4. Bb2 0-0 5. g3 c6 6. Bg2 d6 7. 0-0 a5 8. d3 e5 9. a3 Re8 10. b4 axb4 11. axb4 Rxa1 12. Bxa1 Na6 13. Qb3 Nd7 14. Nbd2 h6 15. Ne4 Nf6 16. Nfd2 Nxe4 17. Nxe4 Be6 18. b5 Nc7 19. bxc6 bxc6 20. Bc3 d5 21. Nc5 Bg4 22. Ba5 Qc8 23. Qb6 Ne6 24. Nb7 Qb8 25. cxd5 cxd5 26. Bxd5 Bxe2 27. Re1 Bxd3 28. Qc6 Nd4 29. Qc3 Ba6 30. Bc7 Qa7 31. Nd6 Rf8 32. Nxf7 Rxf7 33. Bxe5 Bxe5 34. Rxe5 Ne2+ 35. Rxe2 Bxe2 36. Qf6 Bd3 37. h4 Qd7 38. Be6 Qc7 39. h5 gxh5 40. Qxh6 Qe7 41. Qg6+ Bxg6 0-1

[Event "Titled Tuesday intern op 26th Sep Late"]
[Site "Chess.com INT"]
[Date "2023.09.26"]
[Round "10"]
[White "Gabdushev, Ruslan"]
[Black "Mago Perez, Victor Manuel"]
[Result "1-0"]
[WhiteElo "2256"]
[BlackElo "2148"]
[PlyCount "43"]
[EventDate "2023.09.26"]
[EventType "swiss (blitz)"]
[EventRounds "11"]
[EventCountry "USA"]
[SourceTitle "EXT 2024"]
[Source "ChessBase"]
[SourceDate "2023.10.10"]
[SourceVersion "1"]
[SourceVersionDate "2023.10.10"]
[SourceQuality "1"]

1. c4 e5 2. Nc3 Nc6 3. e4 g6 4. g3 Bg7 5. Bg2 Nge7 6. Nge2 0-0 7. d3 d6 8. 0-0 f5 9. f4 fxe4 10. dxe4 Bg4 11. h3 Bxe2 12. Qxe2 Nd4 13. Qd3 Nec6 14. Nd5 exf4 15. gxf4 Qd7 16. Be3 Rae8 17. Rad1 a5 18. Rd2 Ne6 19. b3 Ne7 20. f5 gxf5 21. exf5 Nd8 22. f6 1-0

[Event "Titled Tuesday intern op 26th Sep Late"]
[Site "Chess.com INT"]
[Date "2023.09.26"]
[Round "9"]
[White "Mago Perez, Victor Manuel"]
[Black "Minina, Veronika"]
[Result "0-1"]
[WhiteElo "2148"]
[BlackElo "2057"]
[PlyCount "56"]
[EventDate "2023.09.26"]
[EventType "swiss (blitz)"]
[EventRounds "11"]
[EventCountry "USA"]
[SourceTitle "EXT 2024"]
[Source "ChessBase"]
[SourceDate "2023.10.10"]
[SourceVersion "1"]
[SourceVersionDate "2023.10.10"]
[SourceQuality "1"]

1. d4 Nf6 2. c4 g6 3. Nc3 Bg7 4. e4 d6 5. Be2 0-0 6. Bg5 c5 7. d5 h6 8. Be3 Qa5 9. Qd2 b5 10. cxb5 a6 11. bxa6 Bxa6 12. Bxa6 Nxa6 13. Nge2 Qb4 14. f3 Rfb8 15. Rb1 Nd7 16. 0-0 Kh7 17. b3 Qa3 18. Na4 Nb4 19. Nec3 Nb6 20. Rf2 Nxa4 21. Nxa4 c4 22. Nb6 c3 23. Qc1 Qxc1+ 24. Bxc1 Rxa2 25. Rxa2 Nxa2 26. Nd7 Rb7 27. Ra1 Nxc1 28. Rxc1 Rxd7 0-1

[Event "Titled Tuesday intern op 26th Sep Late"]
[Site "Chess.com INT"]
[Date "2023.09.26"]
[Round "2"]
[White "Mago Perez, Victor Manuel"]
[Black "Zilleruelo Irizarry, Diego"]
[Result "1-0"]
[WhiteElo "2148"]
[BlackElo "2114"]
[PlyCount "63"]
[EventDate "2023.09.26"]
[EventType "swiss (blitz)"]
[EventRounds "11"]
[EventCountry "USA"]
[SourceTitle "EXT 2024"]
[Source "ChessBase"]
[SourceDate "2023.10.10"]
[SourceVersion "1"]
[SourceVersionDate "2023.10.10"]
[SourceQuality "1"]

1. d4 d5 2. c4 e6 3. Nc3 a6 4. cxd5 exd5 5. Nf3 Nf6 6. Bg5 Be6 7. e3 Nbd7 8. Bd3 h6 9. Bh4 g5 10. Bg3 Nh5 11. Be5 Nhf6 12. Rc1 c6 13. a3 Nxe5 14. Nxe5 Nd7 15. Nxd7 Qxd7 16. 0-0 Bd6 17. Na4 h5 18. Nc5 Qe7 19. b4 g4 20. e4 dxe4 21. Bxe4 0-0-0 22. Re1 Qc7 23. Nxb7 Bxh2+ 24. Kh1 Bd5 25. Bxd5 Rxd5 26. Na5 Rxa5 27. bxa5 Bf4 28. Rb1 h4 29. Qxg4+ Kd8 30. Qf5 h3 31. Qf6+ Kd7 32. Re7+ 1-0